Jugando con la ciencia (Registro nro. 6532)
[ vista simple ]
| 000 -Cabecera | |
|---|---|
| Campo de control de longitud fija | 00734aam a2200265 4500 |
| 005 - Fecha y hora de la última transacción | |
| Campo de control | 20240430170331.0 |
| 008 - Elementos de longitud fija--Información general | |
| Campo de control de longitud fija | 150727b2006 xxu||||| |||| 00| 0 spa d |
| 020 ## - International Standard Book Number | |
| Número Internacional Estándar del Libro (ISBN) | 9507714413 |
| 041 ## - Idioma | |
| Código de idioma | Español |
| 082 ## - Clasificación Decimal Dewey | |
| Número de clasificación | 500.078 F954j |
| 100 ## - Entrada principal--Autor personal | |
| Nombre personal | Fuentes, Alberto |
| 9 (RLIN) | 38448 |
| 245 ## - Título propiamente dicho | |
| Título | Jugando con la ciencia |
| 260 ## - Pie de imprenta | |
| Lugar de publicación, distribución, etc. | Argentina |
| 260 ## - Pie de imprenta | |
| Nombre del editor, distribuidor, etc. | Cultural Librera Americana |
| 260 ## - Pie de imprenta | |
| Fecha de publicación, distribución, etc. | 2006 |
| 300 ## - Descripción física | |
| Extensión | 336 páginas |
| 505 ## - Nota de contenido | |
| Nota de contenido | Contiene volumen I y II |
| 505 ## - Nota de contenido | |
| Nota de contenido | Contiene disco compacto N° 379. Disco compacto contiene aplicación interactiva con juegos, experimentos. |
| 650 ## - Materia general | |
| Temática (materia general) | EXPERIMENTOS |
| 650 ## - Materia general | |
| Temática (materia general) | BIOLOGÍA |
| 650 ## - Materia general | |
| Temática (materia general) | FÍSICA |
| 650 ## - Materia general | |
| Temática (materia general) | QUÍMICA |
| 650 ## - Materia general | |
| Temática (materia general) | METEOROLOGÍA |
| 942 ## - Punto de acceso adicional KOHA | |
| Tipo de ítem KOHA | Libro |
| Fuente del sistema de clasificación o colocación | Dewey Decimal Classification |
| Signatura completa | Código de barras | Tipo de ítem |
|---|---|---|
| 500.078 F954j | 11791 | Libro |
| 500.078 F954j | 11792 | Libro |
| 500.078 F954j | 15685 | Libro |
| 500.078 F954j | 15686 | Libro |
| 379 DC | 379ADC | Disco Compacto |
| 379 DC | 379BDC | Disco Compacto |